000 05067nam a2200541 a 4500
001 000216968
003 AM-YeHGA
005 20260320141716.0
008 030409m1994 ai c|||gr|||||000|0darm|d
020 _a99941-33-33-0 (Գիրք 13-րդ)
020 _a99941-33-32-2 (Գիրք 14-րդ)
020 _a978-99941-33-46-8 (Գիրք 15-րդ)
020 _a99941-910-4-7 (Գիրք 16-րդ)
020 _a978-99941-33-54-3 [Գիրք 16-րդ, 2]
020 _a9789939592206 [Գիրք 17-րդ]
040 _aAM-YeHGA
041 0 _aarm
245 0 0 _aՎավերագրեր հայ եկեղեցու պատմության (1921-1938 թթ.) /
_cԿազմ.՝ Ս. Բէհբուդեան ; Խմբ.՝ Ա. Մադոյեան; Հայաստանի Հանրապետության կառավարությանն առընթեր արխիվային գործի վարչություն.
_b
260 _aԵրևան :
_bՄայր Աթոռ Սուրբ Էջմիածին,
_c1994-
300 _aգիրք ;
_c27 սմ.
505 1 0 _gԳ. Բ (1996; 623 էջ)
_gԳ․ Գ. (1997; 694 էջ)
505 1 0 _gԳ․ Դ (4-րդ), (1997, 590 էջ) :
_tՍահակ Խապայեան կաթողիկոս Կիլիկիոյ 1891-1940 թթ. ;
505 1 0 _gԳ․ Ե (5-րդ), (1999, 560 էջ) :
_tՄայր աթոռ Ս. Էջմիածինը առաջին հանրապետության տարիներին (1918-1920 թթ.) ;
_gԳ․ Զ (Ոսկան Երևանցի, 1999, 936 էջ) ;
505 1 0 _gԳ․ Է (7-րդ) (2000, 708 էջ) :
_tԽրիմեան Հայրիկը եւ ցարական բռնապետութիւնը (1903-1907 թթ.) ;
505 1 0 _gԳ․ Ը (8-րդ) (Հայաստան, 2001, 972 էջ) :
_tՄատթէոս Բ Իզմիրլեան Կաթողիկոս Ամենայն Հայոց ;
505 1 0 _gԳ․ Ժ (10-րդ) (2002, 832 էջ) :
_tՆվիրված է Ներսէս Արքեպիսկոպոս Վարժապետեան Կոստանդնուպոլսի Հայոց Պատրիարքին (1837-1884) ;
505 1 0 _gԳ․ ԺԱ (11-րդ) (2004, Մուղնի, 1024 էջ) ։
_tԳեւորգ Դ Կոստանդնուպոլսեցի Քերեստեճեան Կաթողիկոս Ամենայն Հայոց (1866-1882) ;
505 1 0 _gԳ․ ԺԳ (13-րդ) (2005, Մուղնի, 712 էջ) :
_tԳէորգ Ե Վշտալի Սուրէնեանց Կաթողիկոս Ամենայն Հայոց (1847-1930); (Փաստաթղթերի եւ նիւթերի ցանկ, էջ՝ 677-710) /
_rԿազմ.՝ Ս. Բէհբուդեան :
505 1 0 _gԳ․ ԺԴ (14-րդ) (2006, Մուղնի, 498 էջ, 1 թ. դիմանկ.) :
_tՏ.Տ. Մակար Ա. Թեղուտցի Տէր-Պետրոսեան Կաթողիկոս Ամենայն Հայոց (1884-1891) /
_rԱռաջաբ.՝ Ա. Մադոյեան; Կազմ.՝ Ս. Բէհբուդեան; Խմբ.՝ Ա. Մադոյեան ;
505 1 0 _gԳ․ ԺԵ (15-րդ) (2007, Մուղնի, 872 էջ, 1 թ. դիմանկ.) :
_tՄաղաքիա Արքեպիսկոպոս Օրմանեան Կոստանդնուպոլսի պատրիարք (1896-1908) /
_rԿազմ.՝ Ս. Բէհբուդեան ;
505 1 0 _gԳիրք ԺԶ (16-րդ) (2006, 574 էջ) :
_tԿարապետ Եպիսկոպոս Տէր-Մկրտչեան (1866-1915) /
_rԿազմ.՝ Գ. Ավագեան ;
505 1 0 _gԳիրք[ ԺԶ, 2 (16-րդ, 2)] (2008, 1375 էջ) ։
_tՎազգեն Ա Պալճեան ամենայն հայոց կաթողիկոս (1908-1994) /
_rԿազմ., խմբ., թարգմ. ռուս.՝ Գ. Եազըճեան ;
505 1 0 _gԳ․ ԺԷ (17-րդ).- Էջմիածին, Մայր Աթոռ Սուրբ Էջմիածին (2018, 528 էջ) ։
_tԳեւորգեան ճեմարան, թանգարան, «Արարատ» ամսագիր /
_rԿազմ․՝ Գ. Աւագեան; Խմբ․՝ Ա. Վիրաբեան ;
505 1 0 _gԳ. ԻԱ (2019 : 280 էջ) :
_tՏ․ Կոմիտաս վարդապետ Սողոմոնյան (1869-1935)
600 0 4 _aՆերսէս Արքեպիսկոպոս Վարժապետեան Կոստանդնուպոլսի Հայոց Պատրիարք
_d(1837-1884)
600 0 4 _aԳեւորգ Դ Կոստանդնուպոլսեցի Քերեստեճեան Կաթողիկոս Ամենայն Հայոց
_d(1866-1882)
600 0 4 _aԳէորգ Ե Վշտալի Սուրէնեանց Կաթողիկոս Ամենայն Հայոց
_d(1847-1930)
600 0 4 _aՏ.Տ. Մակար Ա. Թեղուտցի Տէր-Պետրոսեան Կաթողիկոս Ամենայն Հայ
_d(1884-1891)
600 0 4 _aԿարապետ եպիսկոպոս Տէր-Մկրտչեան (1866-1915)
600 1 4 _aՕրմանյան, Մաղաքիա
_cարքեպիսկոպոս,
_d1841-1918
_91548
650 1 4 _aՀայ յեղափոխական դաշնակցութիւն
700 1 _aԲեհբուդյան, Սանդրո Արտաշեսի,
_d1934-2004
_eկազմող
_4com
_91974
700 1 _aՄադոյան, Արշակ Գևորգի,
_cհայագետ,
_d1938-
_eխմբագիր
_eառաջաբանի հեղինակ
_4edt
_4aui
700 1 _aԱւագեան, Գոհար
_eկազմ.
_4com
700 1 _aՎիրաբեան, Ամատունի
_eխմբ.
_4edt
710 2 _aՀայաստանի ազգային արխիվ
_95822
942 _2udc
_cBK
999 _c76063
_d76063